Catálogo
 En Linea

Con Sandino en Nicaragua : (Registro nro. 5817)

Detalles MARC
000 -CABECERA
campo de control de longitud fija 00981cam a2200241 a 4500
001 - NÚMERO DE CONTROL
campo de control 000006021
005 - FECHA Y HORA DE LA ÚLTIMA TRANSACCIÓN
campo de control 20200929151904.0
008 - DATOS DE LONGITUD FIJA--INFORMACIÓN GENERAL
campo de control de longitud fija 830310r1981 nq 001 0 spa
040 ## - FUENTE DE LA CATALOGACIÓN
Centro catalogador/agencia de origen DO-SdBNP
Lengua de catalogación spa
Centro/agencia transcriptor BNPHU
082 ## - NÚMERO DE LA CLASIFICACIÓN DECIMAL DEWEY
Número de clasificación 972.8505
Número de documento/Ítem B426c
100 1# - ENTRADA PRINCIPAL--NOMBRE DE PERSONA
Nombre de persona Belausteguigoitia, Ramón de
9 (RLIN) 16964
245 10 - MENCIÓN DE TÍTULO
Título Con Sandino en Nicaragua :
Resto del título la hora de la paz /
Mención de responsabilidad, etc. Ramón de Belausteguigoitia ; edición Agustín Alonso y Manuel Mejía.
260 ## - PUBLICACIÓN, DISTRIBUCIÓN, ETC.
Lugar de publicación, distribución, etc. Managua, Nicaragua :
Nombre del editor, distribuidor, etc. Nueva Nicaragua,
Fecha de publicación, distribución, etc. 1981.
300 ## - DESCRIPCIÓN FÍSICA
Extensión 246 p. ;
Dimensiones 19 cm.
490 1# - MENCIÓN DE SERIE
Mención de serie Biblioteca popular sandinista
Designación de volumen o secuencia 3
534 ## - NOTA SOBRE LA VERSIÓN ORIGINAL
Encabezamiento principal del original Con Sandino en Nicaragua
Mención de edición del original 1a. edición
Publicación, distribución, etc. del original Madrid: Espasa-Calpe, 1934.
651 #4 - PUNTO DE ACCESO ADICIONAL DE MATERIA--NOMBRE GEOGRÁFICO
Nombre geográfico Nicaragua
Subdivisión general Historia
Subdivisión cronológica 1909-1937
9 (RLIN) 16797
651 #4 - PUNTO DE ACCESO ADICIONAL DE MATERIA--NOMBRE GEOGRÁFICO
Nombre geográfico Nicaragua
Subdivisión general Historia
-- Movimiento Revolucionario
Subdivisión cronológica 1926-1944
9 (RLIN) 16965
600 14 - PUNTO DE ACCESO ADICIONAL DE MATERIA--NOMBRE DE PERSONA
Nombre de persona SANDINO, AUGUSTO CÉSAR,
Fechas asociadas al nombre 1895-1934.
9 (RLIN) 9713
700 1# - PUNTO DE ACCESO ADICIONAL--NOMBRE DE PERSONA
Nombre de persona Alonso, Agustín,
Término indicativo de función/relación ed.
9 (RLIN) 16966
700 1# - PUNTO DE ACCESO ADICIONAL--NOMBRE DE PERSONA
Nombre de persona Mejía, Manuel,
Término indicativo de función/relación ed.
9 (RLIN) 723
830 #0 - PUNTO DE ACCESO ADICIONAL DE SERIE-TÍTULO UNIFORME
Título uniforme Biblioteca popular sandinista
Designación de volumen o secuencia 3
9 (RLIN) 14389
Existencias
Estado de retiro Estado de pérdida Restricciones de uso No para préstamo Código de colección Localización permanente Ubicación/localización actual Ubicación en estantería Fecha de adquisición Número de inventario Total de préstamos Signatura topográfica completa Código de barras Fecha visto por última vez Precio válido a partir de Tipo de ítem Koha
    Préstamo interno   Monografías: Libros y Folletos General General Depósito 25.08.2009 LF1   972.8505 B426c 6021-10 25.06.2020 25.06.2020 Préstamo interno
        Monografías: Libros y Folletos Patrimonio Dominicano Patrimonio Dominicano Orden iniciada 05.06.2017 LF1   972.8505 B426c 6021-20 25.06.2020 25.06.2020 No se presta

Con tecnología Koha